000
00213nam a2200109Ia 4500
100
_a
LINKLETTER ART
942
_c
BK
245
_a
HOW TO BE A SUPER SALESMAN
260
_b
#N/A
546
_a
ENGLISH
999
_c
35097
_d
35097